| Record ID | ia:cihm_00828 |
| Source | Internet Archive |
| Download MARC XML | https://archive.org/download/cihm_00828/cihm_00828_marc.xml |
| Download MARC binary | https://www.archive.org/download/cihm_00828/cihm_00828_meta.mrc |
LEADER: 01236nam 2200301 a 4500
001 3195601
007 he amb---bbcp
007 he bmb---baap
008 810306s1874 quc b 000 0 eng d
016 $a 816018170
020 $a0665008287
040 $aCaOOCIHM$beng$dAEU
043 $an-cn---
082 0 $a971.052$219
090 $aFC 02 0203 no. 00828$bAEU
100 1 $aBlake, Edward,$d1833-1912.
245 10 $aSpeech at Aurora$h[microform] :$bdelivered October 3rd, 1874 on the occasion of a meeting of the Reform Party of North York /$cby the Hon. Edward Blake.
260 $aMontreal :$bPenny, Wilson,$c1874.
300 $a1 microfiche (20 fr.).
490 1 $aCIHM/ICMH Microfiche series = CIHM/ICMH collection de microfiches ;$vno. 00828
533 $aFilmed from a copy of the original publication held by the Public Archives of Canada Library.$bOttawa :$cCanadian Institute for Historical Microreproductions,$d1979.
534 $e32 p.
651 5 $aCanada$xPolitics and government$y1867-1896.
651 6 $aCanada$xPolitique et gouvernement$y1867-1896.
830 0 $aCIHM/ICMH microfiche series ;$vno. 00828
949 $hUAHS-MF$zCIHMMPRE
596 $a43
926 $aUAHSS$bMICROFICHE$cFC 02 0203 no. 00828$dMICROFORM$f1